000 00557nam a2200205Ia 4500
003 GCL
008 140319s9999 xx 000 0 ara d
040 _aGCL /
_cGCL
082 0 4 _a812.043
_bش ر
100 1 _aعبدالمنعم الحفنى
245 1 0 _aرجال وفيران /
_cعبدالمنعم الحفنى
700 1 _aشتاينبيك، جون
300 _a103
490 _aكتب ثقافية
_v0
650 0 4 _aالادب العربى
650 0 4 _aالادب
650 0 4 _aالمسرح
650 0 4 _aالدراما
942 _2ddc
_cBK
999 _c41070
_d41070